| 000 | 00718nam a22002297a 4500 | ||
|---|---|---|---|
| 005 | 20170124110201.0 | ||
| 010 | _aB-045460 | ||
| 020 |
_a0070411956 _c00.00 |
||
| 035 | _aB-045460 | ||
| 037 | _bCen Lib/Ret | ||
| 040 |
_aDPL _bEN |
||
| 082 |
_a005.3 _bPLO |
||
| 100 |
_aPlotkin, David _936249 |
||
| 245 |
_aHow to do everything with frontpage 2000 / _cby David Plotkin |
||
| 260 |
_aNew Delhi _bTata McGraw Hill Publishing Company _c2000 |
||
| 270 |
_a7 west aptel nagar _bNew Delhi _e110008 |
||
| 300 |
_axxiii, 584p. _c23cm(Hb) |
||
| 500 | _aIncludes appendix and index | ||
| 650 |
_aComputer science _936250 |
||
| 650 |
_aWeb page designing _936251 |
||
| 942 |
_2ddc _cEN _h005.3 _mPLO |
||
| 999 |
_c132944 _d132944 |
||